00815nam a2200217Ia 4500003000900000008004100009020001800050040001600068080002300084100002900107245012100136260003700257300001400294490005100308650002500359650002700384650001800411942000700429999001700436952014400453IN-BaIIA211028s9999 xx 000 0 eng d a0-7923-2793-4 cIIA Library a52(082.2)bASS-189 aStenflo, Jan Olof919303 0aSolar magnetic fieldsbpolarized radiation diagnosticscJan Olof Stenflo  aDordrechtbKluwer Academicc1994 axv, 385p. aAstrophysics and space science library; v. 189 aMagnetic fields9530 aSolar magnetism930104 aSolar physics cBK c16271d16271 00104070aBANbKODcGENd2006-11-06ePBPL g10539.00l0o52(082.2)/ ASS-189p17193r2021-11-05v10539.00w2006-11-06yBKGRs. 10539.00